Library Banner

مطالعہ تاریخ (Record no. 80909)

MARC details
000 -LEADER
fixed length control field 00402nam a22001457a 4500
005 - DATE AND TIME OF LATEST TRANSACTION
control field 20151211145342.0
008 - FIXED-LENGTH DATA ELEMENTS--GENERAL INFORMATION
fixed length control field 151211b xxu||||| |||| 00| 0 eng d
040 ## - CATALOGING SOURCE
Transcribing agency PK-LaUMT
082 ## - DEWEY DECIMAL CLASSIFICATION NUMBER
Classification number MSC 909
Item number ARN-M
100 ## - MAIN ENTRY--PERSONAL NAME
Personal name آرنلڈ جے ٹائن
245 ## - TITLE STATEMENT
Title مطالعہ تاریخ
Statement of responsibility, etc آرنلڈ جے ٹائن
260 ## - PUBLICATION, DISTRIBUTION, ETC. (IMPRINT)
Place of publication, distribution, etc لاہور
Name of publisher, distributor, etc مجلس ترقی ادب
Date of publication, distribution, etc 2007
300 ## - PHYSICAL DESCRIPTION
Extent 619 ص
942 ## - ADDED ENTRY ELEMENTS (KOHA)
Koha item type Books
Holdings
Withdrawn status Lost status Damaged status Home library Current library Date acquired Full call number Barcode Date last seen Price effective from Koha item type
      UMT Main Campus UMT Main Campus 2015-12-11 MSC 909 ARN-M 95220 2015-12-11 2015-12-11 Books